兰州轨道交通线网图 Lanzhou rail transit network map - Statistics

General Stats
  • This quiz has been taken 53 times
  • The average score is 16 of 29
Answers on the Map
Answers color-coded by a green-red scale on the quiz's map according to % correct below.
 
Answer Stats
线路 站点名 % Correct
1号线 东方红广场
84%
2号线 东方红广场
84%
1号线 兰州西站北广场
82%
2号线 兰州火车站
80%
1号线 省政府
72%
1号线 陈官营
70%
1号线 西关
70%
1号线 兰州大学
68%
1号线 东岗
64%
1号线 西站什字
60%
1号线 七里河
58%
1号线 小西湖
58%
1号线 五里铺
54%
2号线 五里铺
54%
2号线 雁白大桥
54%
1号线 兰州城市学院(省科技馆)
52%
1号线 兰州海关
52%
1号线 文化宫
52%
1号线 马滩
50%
1号线 奥体中心
48%
1号线 土门墩
48%
2号线 邮电大楼
48%
1号线 焦家湾
46%
1号线 省气象局
42%
1号线 拱星墩
42%
2号线 张苏滩
42%
2号线 红星巷
38%
2号线 团结新村
36%
2号线 均家滩
36%
No matching quizzes found
Score Distribution
Percent of People with Each Score
Percentile by Number Answered
Your Score History
You have not taken this quiz